[Event "ENCI Limburg-open A"]
[Site "Maastricht"]
[Date "2007.05.28"]
[Round "6"]
[White "Soors, Stef"]
[Black "Ringoir, Tanguy"]
[Result "1-0"]
[WhiteElo "2061"]
[BlackElo "2199"]
[PlyCount "59"]
[EventDate "2007.05.25"]
[EventType "swiss"]
[EventRounds "7"]
[EventCountry "NED"]
[Source "P.Boonen"]
[SourceDate "2010.01.01"]

1. d4 Nf6 2. c4 e6 3. Nc3 Bb4 4. f3 d5 5. a3 Be7 6. e4 dxe4 7. fxe4 e5 8. d5
Bc5 9. Nf3 Bg4 10. h3 Bxf3 11. Qxf3 O-O 12. Bd3 c6 13. Bg5 Nbd7 14. Rd1 Bd4 15.
Bb1 Qb6 16. Bd2 Qb3 17. g4 Qxc4 18. g5 Ne8 19. Ba2 Qa6 20. dxc6 bxc6 21. Ne2
Nd6 22. Bc3 c5 23. h4 Kh8 24. h5 f5 25. h6 g6 26. Nxd4 cxd4 27. Rxd4 Rae8 28.
Qd1 exd4 29. Qxd4+ Ne5 30. Qxe5+ 1-0

[Event "ENCI Limburg-open A"]
[Site "Maastricht"]
[Date "2007.05.28"]
[Round "6"]
[White "Sprangers, Remco"]
[Black "Zachariassen, Bjarne"]
[Result "1-0"]
[WhiteElo "2207"]
[BlackElo "1946"]
[PlyCount "61"]
[EventDate "2007.05.25"]
[EventType "swiss"]
[EventRounds "7"]
[EventCountry "NED"]
[Source "P.Boonen"]
[SourceDate "2010.01.01"]

1. e4 c5 2. Nf3 Nc6 3. d4 cxd4 4. Nxd4 e5 5. Nb5 h6 6. N1c3 Nf6 7. Nd5 Nxd5 8.
exd5 a6 9. Nc3 Nd4 10. Bd3 d6 11. O-O Be7 12. f4 O-O 13. Qh5 f5 14. fxe5 dxe5
15. a4 Bd7 16. Bxh6 gxh6 17. Qg6+ Kh8 18. Qxh6+ Kg8 19. d6 Bf6 20. Bc4+ Be6 21.
Qg6+ Kh8 22. Bxe6 Nxe6 23. Rxf5 Ng7 24. Rf3 Qxd6 25. Ne4 Qd4+ 26. Kh1 Bh4 27.
Qh6+ Kg8 28. Qxh4 Rxf3 29. gxf3 Rf8 30. Rg1 Qe3 31. Ng5 1-0

[Event "ENCI Limburg-open A"]
[Site "Maastricht"]
[Date "2007.05.28"]
[Round "6"]
[White "Steffens, Olaf"]
[Black "Van Weersel, Arlette"]
[Result "1-0"]
[WhiteElo "2258"]
[BlackElo "2156"]
[PlyCount "115"]
[EventDate "2007.05.25"]
[EventType "swiss"]
[EventRounds "7"]
[EventCountry "NED"]
[Source "P.Boonen"]
[SourceDate "2010.01.01"]

1. e4 e5 2. Nc3 Nf6 3. g3 d5 4. exd5 Nxd5 5. Bg2 Nxc3 6. bxc3 Be7 7. Ne2 O-O 8.
O-O c5 9. Rb1 Nc6 10. c4 Na5 11. d3 Rb8 12. Nc3 b6 13. Qh5 Bf6 14. Nd5 g6 15.
Nxf6+ Qxf6 16. Bg5 Qd6 17. Qh4 Nc6 18. f4 f6 19. Bd5+ Be6 20. fxe5 fxg5 21.
exd6 gxh4 22. Bxe6+ Kg7 23. Bd5 Nd4 24. Rbe1 Rxf1+ 25. Kxf1 hxg3 26. Re7+ Kf6
27. hxg3 Rd8 28. Rxh7 Rxd6 29. Kf2 Nf5 30. Kf3 Ng7 31. c3 Rd7 32. a4 a5 33. Kg4
Re7 34. Be4 Re5 35. Kf3 Ne6 36. Rb7 Ng5+ 37. Kf4 Re6 38. Bd5 Rd6 39. Kg4 Ne6
40. Kf3 Ng5+ 41. Ke3 Kf5 42. Rg7 Kg4 43. Be4 Nxe4 44. Kxe4 Kxg3 45. d4 Re6+ 46.
Kd5 Rf6 47. Ke5 Rf5+ 48. Ke6 Kf4 49. Rxg6 Rf8 50. Rf6+ Rxf6+ 51. Kxf6 Ke4 52.
dxc5 bxc5 53. Ke6 Kd3 54. Kd5 Kxc3 55. Kxc5 Kd3 56. Kb5 Kd4 57. c5 Kd5 58. c6
1-0

[Event "ENCI Limburg-open A"]
[Site "Maastricht"]
[Date "2007.05.28"]
[Round "6"]
[White "Taverniers, Peter"]
[Black "Schotanus, Fred"]
[Result "1/2-1/2"]
[WhiteElo "1812"]
[BlackElo "1791"]
[PlyCount "28"]
[EventDate "2007.05.25"]
[EventType "swiss"]
[EventRounds "7"]
[EventCountry "NED"]
[Source "P.Boonen"]
[SourceDate "2010.01.01"]

1. c4 e5 2. Nc3 Nc6 3. g3 d6 4. Bg2 g6 5. d3 Bg7 6. Nf3 Nge7 7. O-O O-O 8. Ne1
f5 9. f4 Rb8 10. Rb1 Kh8 11. Nd5 Nxd5 12. Bxd5 Bd7 13. b4 Ne7 14. Bg2 c6
1/2-1/2

[Event "ENCI Limburg-open A"]
[Site "Maastricht"]
[Date "2007.05.28"]
[Round "6"]
[White "Telke, Holger"]
[Black "Van Eijndhoven, Erik"]
[Result "0-1"]
[WhiteElo "2163"]
[BlackElo "2026"]
[PlyCount "56"]
[EventDate "2007.05.25"]
[EventType "swiss"]
[EventRounds "7"]
[EventCountry "NED"]
[Source "P.Boonen"]
[SourceDate "2010.01.01"]

1. d4 Nf6 2. c4 g6 3. Nc3 Bg7 4. e4 d6 5. f3 O-O 6. Be3 e5 7. Nge2 c6 8. Qd2
Nbd7 9. O-O-O Qa5 10. Bh6 b5 11. Bxg7 Kxg7 12. g4 Nb6 13. g5 Nh5 14. Ng3 Nf4
15. dxe5 dxe5 16. cxb5 cxb5 17. Bxb5 a6 18. Qd6 axb5 19. Qxe5+ Kg8 20. Qxf4 b4
21. Nd5 Nxd5 22. exd5 Qxa2 23. Qxb4 Bf5 24. Ne2 Rac8+ 25. Nc3 Qb1+ 26. Kd2 Qd3+
27. Ke1 Qxf3 28. Qh4 Rfe8+ 0-1

[Event "ENCI Limburg-open A"]
[Site "Maastricht"]
[Date "2007.05.28"]
[Round "6"]
[White "Van Gool, Henk"]
[Black "Snoeck, Rene"]
[Result "1-0"]
[WhiteElo "2183"]
[BlackElo "1897"]
[PlyCount "104"]
[EventDate "2007.05.25"]
[EventType "swiss"]
[EventRounds "7"]
[EventCountry "NED"]
[Source "P.Boonen"]
[SourceDate "2010.01.01"]

1. e4 c6 2. d4 d5 3. exd5 cxd5 4. Nf3 Nf6 5. c3 Bf5 6. Qb3 Qc8 7. Bf4 Nbd7 8.
h3 e6 9. Na3 a6 10. Nc2 Be7 11. Ne3 Bg6 12. Be2 O-O 13. O-O Ne4 14. Rfc1 Bd6
15. Bxd6 Nxd6 16. c4 dxc4 17. Bxc4 Qe8 18. Qb4 Nxc4 19. Nxc4 Qb8 20. Nfe5 Nxe5
21. dxe5 Qa7 22. Qb6 Qxb6 23. Nxb6 Rad8 24. Rd1 Be4 25. f3 Bc6 26. Rd6 Rxd6 27.
exd6 Rd8 28. Rd1 f6 29. f4 Kf7 30. g4 h5 31. Kf2 hxg4 32. hxg4 g5 33. fxg5 fxg5
34. Kg3 e5 35. Nc4 Ke6 36. Re1 e4 37. Rh1 Kd5 38. b3 Bb5 39. Rh5 Bxc4 40. Rxg5+
Kd4 41. bxc4 Kxc4 42. Rg7 b5 43. Ra7 Kc3 44. g5 e3 45. Re7 e2 46. g6 Kd2 47. g7
e1=Q+ 48. Rxe1 Kxe1 49. Kf4 b4 50. Ke5 a5 51. Ke6 Kd2 52. Ke7 Rg8 1-0

[Event "ENCI Limburg-open A"]
[Site "Maastricht"]
[Date "2007.05.28"]
[Round "6"]
[White "Van den Bersselaar, Henri"]
[Black "Pedersen, Lars Erik"]
[Result "0-1"]
[WhiteElo "1896"]
[BlackElo "2053"]
[PlyCount "48"]
[EventDate "2007.05.25"]
[EventType "swiss"]
[EventRounds "7"]
[EventCountry "NED"]
[Source "P.Boonen"]
[SourceDate "2010.01.01"]

1. d4 d5 2. Nf3 Nf6 3. Bg5 Ne4 4. Bf4 c5 5. e3 Nc6 6. c3 cxd4 7. exd4 Qb6 8.
Qc2 Bf5 9. Bd3 Rc8 10. a3 e6 11. O-O Be7 12. Be3 Bf6 13. h3 h6 14. Re1 O-O 15.
g4 Ng5 16. Nxg5 Bxd3 17. Qxd3 hxg5 18. b4 Qd8 19. Ra2 e5 20. dxe5 Nxe5 21. Qd1
Qd7 22. Kg2 d4 23. cxd4 Qd5+ 24. f3 Qxa2+ 0-1

[Event "ENCI Limburg-open A"]
[Site "Maastricht"]
[Date "2007.05.28"]
[Round "6"]
[White "Van den Bersselaar, Jeroen"]
[Black "Spronkmans, Stefan"]
[Result "1/2-1/2"]
[WhiteElo "2189"]
[BlackElo "1965"]
[PlyCount "114"]
[EventDate "2007.05.25"]
[EventType "swiss"]
[EventRounds "7"]
[EventCountry "NED"]
[Source "P.Boonen"]
[SourceDate "2010.01.01"]

1. d4 d5 2. c4 e6 3. Nf3 Nf6 4. g3 Be7 5. Bg2 O-O 6. O-O b6 7. b3 Bb7 8. Bb2
Nbd7 9. Nbd2 Ne4 10. Nxe4 dxe4 11. Nd2 f5 12. e3 c5 13. Qe2 Nf6 14. Rad1 Qc7
15. Nb1 Rad8 16. Nc3 Bc6 17. f3 Qb7 18. fxe4 Nxe4 19. Nxe4 Bxe4 20. Bxe4 Qxe4
21. Rf4 Qb7 22. d5 exd5 23. cxd5 Bg5 24. Rf3 Qe7 25. Qd3 Qe4 26. Kf2 Qxd3 27.
Rxd3 Bf6 28. Bxf6 Rxf6 29. g4 Rh6 30. Rxf5 Rxh2+ 31. Kf3 Rxa2 32. d6 Ra1 33.
Ke4 g6 34. Re5 Ra5 35. d7 Kf7 36. Rd2 c4 37. Rf2+ Kg7 38. Re7+ Kh6 39. bxc4 Rc5
40. Kd4 Kg5 41. Rff7 Rcc8 42. Rxh7 a5 43. Kc3 Ra8 44. Kb3 Kxg4 45. Rhg7 Kg5 46.
e4 a4+ 47. Ka3 Rh8 48. Rh7 Rxh7 49. Rxh7 Kf6 50. e5+ Ke6 51. Rg7 g5 52. Rxg5
Kxd7 53. Rg6 Kc7 54. Rg3 Re8 55. Re3 Kc6 56. Kxa4 Kc5 57. Re4 Re6 1/2-1/2

[Event "ENCI Limburg-open A"]
[Site "Maastricht"]
[Date "2007.06.28"]
[Round "6"]
[White "Van der Veen, Terry"]
[Black "Van Eijk, Sander"]
[Result "1/2-1/2"]
[WhiteElo "2118"]
[BlackElo "2259"]
[PlyCount "58"]
[EventDate "2007.05.25"]
[EventType "swiss"]
[EventRounds "7"]
[EventCountry "NED"]
[Source "P.Boonen"]
[SourceDate "2010.01.01"]

1. e4 c5 2. Nc3 Nc6 3. g3 g6 4. Bg2 Bg7 5. d3 d6 6. Be3 e5 7. f4 Nge7 8. Nf3
exf4 9. Bxf4 O-O 10. O-O h6 11. Kh1 a6 12. Qd2 Kh7 13. Rae1 Ne5 14. Nxe5 dxe5
15. Be3 b6 16. Nd5 Qd6 17. Rf2 Nxd5 18. exd5 Ra7 19. c4 f5 20. b4 Rf6 21. Rb1
g5 22. bxc5 bxc5 23. Qa5 Bf8 24. Rfb2 f4 25. Rb6 Qc7 26. Bd2 Bd6 27. Rc6 Qxa5
28. Bxa5 Bd7 29. Be4+ Kg7 1/2-1/2

[Event "ENCI Limburg-open A"]
[Site "Maastricht"]
[Date "2007.05.28"]
[Round "6"]
[White "Vandevoort, Pascal"]
[Black "Larmuseau, Maarten"]
[Result "1-0"]
[WhiteElo "2385"]
[BlackElo "2020"]
[PlyCount "93"]
[EventDate "2007.05.25"]
[EventType "swiss"]
[EventRounds "7"]
[EventCountry "NED"]
[Source "P.Boonen"]
[SourceDate "2010.01.01"]

1. d4 Nf6 2. c4 e6 3. Nc3 Bb4 4. Qc2 O-O 5. a3 Be7 6. e4 d6 7. Nf3 Nbd7 8. e5
Ne8 9. Bd3 f5 10. exf6 Ndxf6 11. O-O d5 12. c5 b6 13. b4 a5 14. Rb1 c6 15. Re1
axb4 16. axb4 h6 17. Ne5 Qc7 18. Na4 bxc5 19. Nxc5 Bxc5 20. bxc5 Qa5 21. Bd2
Qa4 22. Qb2 Qa3 23. Qxa3 Rxa3 24. Ra1 Rxd3 25. Nxd3 Nc7 26. Ne5 Nb5 27. Be3 Bb7
28. f3 Ra8 29. Rxa8+ Bxa8 30. Bf2 Bb7 31. g4 h5 32. h3 Kf8 33. Kg2 Kg8 34. Kg3
Kh7 35. Nf7 Bc8 36. Ng5+ Kg8 37. Ra1 Nc7 38. Ra7 Nce8 39. Be3 Bd7 40. Bf4 g6
41. Be5 hxg4 42. hxg4 Kf8 43. Bxf6 Nxf6 44. Nh7+ Nxh7 45. Rxd7 Nf6 46. Rc7 Ne8
47. Rxc6 1-0

[Event "ENCI Limburg-open A"]
[Site "Maastricht"]
[Date "2007.05.28"]
[Round "6"]
[White "Vrendenborg, Carel"]
[Black "Larmuseau, Michiel"]
[Result "1-0"]
[WhiteElo "2023"]
[BlackElo "1850"]
[PlyCount "71"]
[EventDate "2007.05.25"]
[EventType "swiss"]
[EventRounds "7"]
[EventCountry "NED"]
[Source "P.Boonen"]
[SourceDate "2010.01.01"]

1. e4 e5 2. Nf3 Nc6 3. Bb5 a6 4. Ba4 Be7 5. O-O b5 6. Bb3 Nf6 7. d4 Nxd4 8.
Nxd4 exd4 9. e5 Ne4 10. Bd5 Nc5 11. Bxa8 c6 12. Qxd4 Qc7 13. Nc3 Qb8 14. a4 b4
15. Ne4 Nxe4 16. Qxe4 Qxa8 17. Qg4 g6 18. Re1 d5 19. e6 Bxe6 20. Rxe6 fxe6 21.
Qxe6 Kd8 22. Be3 Qb7 23. a5 Qd7 24. Qe5 Re8 25. Re1 Qd6 26. Bb6+ Kd7 27. Qe2 h5
28. Qxa6 Qb8 29. Qd3 Kc8 30. Qxg6 Kb7 31. Qe6 Qc8 32. Qxc8+ Kxc8 33. Bc5 Kd7
34. Rxe7+ Rxe7 35. Bxe7 Kxe7 36. a6 1-0

[Event "ENCI Limburg-open A"]
[Site "Maastricht"]
[Date "2007.05.28"]
[Round "6"]
[White "Wemmers, Xander"]
[Black "Schebler, Gerhard"]
[Result "1/2-1/2"]
[WhiteElo "2415"]
[BlackElo "2530"]
[PlyCount "23"]
[EventDate "2007.05.25"]
[EventType "swiss"]
[EventRounds "7"]
[EventCountry "NED"]
[Source "P.Boonen"]
[SourceDate "2010.01.01"]

1. e4 e5 2. Nf3 Nc6 3. Bb5 f5 4. Nc3 fxe4 5. Nxe4 Nf6 6. Nxf6+ Qxf6 7. Qe2 Be7
8. Bxc6 dxc6 9. Nxe5 Bf5 10. O-O O-O-O 11. d3 Rhe8 12. f4 1/2-1/2

[Event "ENCI Limburg-open A"]
[Site "Maastricht"]
[Date "2007.05.28"]
[Round "6"]
[White "Willemze, Thomas"]
[Black "Nabuurs, Joep"]
[Result "1-0"]
[WhiteElo "2398"]
[BlackElo "2157"]
[PlyCount "67"]
[EventDate "2007.05.25"]
[EventType "swiss"]
[EventRounds "7"]
[EventCountry "NED"]
[Source "P.Boonen"]
[SourceDate "2010.01.01"]

1. e4 e5 2. Nf3 Nc6 3. Nc3 Nf6 4. Bb5 Nd4 5. O-O Nxb5 6. Nxb5 c6 7. Nc3 d6 8.
d4 Qc7 9. h3 h6 10. a4 Be7 11. Be3 g5 12. Nd2 Rg8 13. g4 h5 14. f3 d5 15. Qe2
Be6 16. Rae1 dxe4 17. Ndxe4 Nd5 18. Nxd5 cxd5 19. Nc3 a6 20. dxe5 hxg4 21. fxg4
d4 22. Bxd4 O-O-O 23. Bf2 Bc4 24. Qe4 Bxf1 25. Rxf1 Bc5 26. Nd5 Bxf2+ 27. Rxf2
Qc5 28. c4 Kb8 29. b4 Qc6 30. Rxf7 Rh8 31. e6 Qd6 32. Kg2 b5 33. Qd4 Ka8 34.
Qa7# 1-0

[Event "ENCI Limburg-open A"]
[Site "Maastricht"]
[Date "2007.05.28"]
[Round "6"]
[White "Wilschut, Peter"]
[Black "Van Beek, Alexander"]
[Result "1/2-1/2"]
[WhiteElo "2202"]
[BlackElo "2373"]
[PlyCount "83"]
[EventDate "2007.05.25"]
[EventType "swiss"]
[EventRounds "7"]
[EventCountry "NED"]
[Source "P.Boonen"]
[SourceDate "2010.01.01"]

1. c4 e6 2. Nf3 Nf6 3. g3 d5 4. Bg2 Be7 5. O-O O-O 6. d4 c6 7. Qc2 Nbd7 8. Rd1
b6 9. b3 Ba6 10. Nbd2 c5 11. Bb2 Rc8 12. dxc5 Bxc5 13. Qd3 Qe7 14. Rac1 Rfd8
15. Qb1 e5 16. e3 Bb7 17. cxd5 Nxd5 18. Ne4 Ba3 19. Ne1 Bxb2 20. Qxb2 f5 21.
Nc3 Nxc3 22. Rxc3 Bxg2 23. Kxg2 e4 24. Rxc8 Rxc8 25. Rd5 Rc5 26. Qd4 Rxd5 27.
Qxd5+ Qf7 28. Qa8+ Nf8 29. Nc2 h5 30. h4 Kh7 31. Nd4 a5 32. Qd8 Nd7 33. Ne2 g6
34. Nf4 Kg7 35. Nh3 Qd5 36. Ng5 Qd6 37. Qe8 Ne5 38. Ne6+ Kf6 39. Nd4 Kg7 40.
Ne6+ Kf6 41. Ng5 Kg7 42. Ne6+ 1/2-1/2

[Event "ENCI Limburg-open A"]
[Site "Maastricht"]
[Date "2007.05.28"]
[Round "7"]
[White "Akstinat, Sven Holger"]
[Black "Ouwersloot, Hans"]
[Result "0-1"]
[WhiteElo "2182"]
[BlackElo "1949"]
[PlyCount "94"]
[EventDate "2007.05.25"]
[EventType "swiss"]
[EventRounds "7"]
[EventCountry "NED"]
[Source "P.Boonen"]
[SourceDate "2010.01.01"]

1. e4 Nf6 2. Nc3 e5 3. Nf3 Nc6 4. Bb5 a6 5. Bxc6 dxc6 6. Nxe5 Nxe4 7. O-O Nxc3
8. bxc3 Bd6 9. Re1 O-O 10. d4 Qh4 11. g3 Qf6 12. Qh5 g6 13. Ng4 Qxf2+ 14. Kxf2
gxh5 15. Nf6+ Kg7 16. Nxh5+ Kg6 17. Nf4+ Kg7 18. g4 Bd7 19. Bd2 Rae8 20. h3
Rxe1 21. Rxe1 Re8 22. Rxe8 Bxe8 23. Kf3 b5 24. Nd3 Bd7 25. Bf4 Be6 26. Bxd6
cxd6 27. a3 a5 28. Kf4 Bc4 29. Nf2 Kf6 30. g5+ Ke6 31. Ng4 Be2 32. Nf6 h6 33.
Ne4 h5 34. h4 Bd1 35. Ng3 a4 36. Ke3 c5 37. Kd2 Bf3 38. Ke3 Bd1 39. Kd2 Bg4 40.
dxc5 dxc5 41. Ne4 Kd5 42. Nf6+ Ke5 43. Ne8 Bf3 44. Nc7 Bc6 45. c4 bxc4 46. Kc3
Kd6 47. Na6 Bb5 0-1

[Event "ENCI Limburg-open A"]
[Site "Maastricht"]
[Date "2007.05.28"]
[Round "7"]
[White "Arnelind, Mikael"]
[Black "Pijpers, Arthur"]
[Result "0-1"]
[WhiteElo "2155"]
[BlackElo "1835"]
[PlyCount "72"]
[EventDate "2007.05.25"]
[EventType "swiss"]
[EventRounds "7"]
[EventCountry "NED"]
[Source "P.Boonen"]
[SourceDate "2010.01.01"]

1. d4 Nf6 2. c4 c5 3. d5 b5 4. cxb5 a6 5. bxa6 Bxa6 6. b3 d6 7. Bb2 Nbd7 8. Nc3
g6 9. g3 Bg7 10. Bg2 O-O 11. Nh3 Ra7 12. O-O Qa8 13. Nf4 Rb8 14. Rb1 c4 15. Ne4
Rab7 16. Nxf6+ Nxf6 17. Bc3 cxb3 18. axb3 Rc8 19. Ba1 Rbc7 20. Bd4 Rc2 21. Bh3
R8c7 22. Ra1 Qb7 23. Bg2 Qb5 24. h4 Bb7 25. e4 Qxb3 26. Re1 Ng4 27. Rb1 Qxb1
28. Qxb1 Bxd4 29. Nh3 Nxf2 30. Kh2 Rb2 31. Qa1 Nxh3 32. Qa4 Rcc2 33. Kxh3 Bc8+
34. g4 Rxg2 35. Qe8+ Kg7 36. Qxc8 Be5 0-1

[Event "ENCI Limburg-open A"]
[Site "Maastricht"]
[Date "2007.05.28"]
[Round "7"]
[White "Berg, Emanuel"]
[Black "Rogers, Ian"]
[Result "1/2-1/2"]
[WhiteElo "2574"]
[BlackElo "2513"]
[PlyCount "26"]
[EventDate "2007.05.25"]
[EventType "swiss"]
[EventRounds "7"]
[EventCountry "NED"]
[Source "P.Boonen"]
[SourceDate "2010.01.01"]

1. e4 c6 2. d4 d5 3. Nd2 dxe4 4. Nxe4 Nd7 5. Bc4 Ngf6 6. Ng5 e6 7. Qe2 Nb6 8.
Bd3 h6 9. N5f3 c5 10. Be3 Qc7 11. Ne5 a6 12. Ngf3 Nbd5 13. O-O Bd6 1/2-1/2

[Event "ENCI Limburg-open A"]
[Site "Maastricht"]
[Date "2007.05.28"]
[Round "7"]
[White "Blijlevens, Pim"]
[Black "Klein, Gernot"]
[Result "1/2-1/2"]
[WhiteElo "1913"]
[BlackElo "1988"]
[PlyCount "91"]
[EventDate "2007.05.25"]
[EventType "swiss"]
[EventRounds "7"]
[EventCountry "NED"]
[Source "P.Boonen"]
[SourceDate "2010.01.01"]

1. d4 d5 2. c4 e6 3. Nc3 c6 4. Nf3 dxc4 5. e3 b5 6. a4 Bb4 7. Bd2 a5 8. axb5
Bxc3 9. Bxc3 cxb5 10. b3 Bb7 11. bxc4 b4 12. Bb2 Nf6 13. Bd3 O-O 14. Qc2 Nbd7
15. e4 e5 16. d5 Nc5 17. Nxe5 a4 18. O-O a3 19. Bd4 b3 20. Qc3 Nfxe4 21. Bxe4
Nxe4 22. Qxb3 Bxd5 23. Rfd1 Be6 24. Rxa3 Rxa3 25. Qxa3 Qc7 26. Qe3 Nd6 27. Bb6
Qb8 28. c5 Nf5 29. Qe4 Re8 30. Qc6 Ne7 31. Qb5 Nd5 32. Qc6 Ne7 33. Qd6 Qa8 34.
h3 Nf5 35. Qd8 Qxd8 36. Rxd8 Rxd8 37. Bxd8 f6 38. Nf3 Bd5 39. Ne1 Kf7 40. Bb6
Ke6 41. Nc2 Kd7 42. Nb4 Bb7 43. g4 Nh4 44. Kh2 Nf3+ 45. Kg3 Ng5 46. Nd3 1/2-1/2

[Event "ENCI Limburg-open A"]
[Site "Maastricht"]
[Date "2007.05.28"]
[Round "7"]
[White "Braeken, Barry"]
[Black "Mull, Thomas"]
[Result "1/2-1/2"]
[WhiteElo "1941"]
[BlackElo "2042"]
[PlyCount "35"]
[EventDate "2007.05.25"]
[EventType "swiss"]
[EventRounds "7"]
[EventCountry "NED"]
[Source "P.Boonen"]
[SourceDate "2010.01.01"]

1. e4 c5 2. d3 Nc6 3. g3 g6 4. Bg2 Bg7 5. Nf3 d6 6. O-O e6 7. c3 Nge7 8. Be3
O-O 9. Na3 Rb8 10. Nc2 b5 11. a3 h6 12. Qd2 Kh7 13. Rab1 Qc7 14. b4 cxb4 15.
cxb4 Bb7 16. Ncd4 Nxd4 17. Nxd4 Qd7 18. Rbc1 1/2-1/2

[Event "ENCI Limburg-open A"]
[Site "Maastricht"]
[Date "2007.05.28"]
[Round "7"]
[White "Bus, Tom"]
[Black "Willemze, Thomas"]
[Result "1/2-1/2"]
[WhiteElo "2230"]
[BlackElo "2398"]
[PlyCount "144"]
[EventDate "2007.05.25"]
[EventType "swiss"]
[EventRounds "7"]
[EventCountry "NED"]
[Source "P.Boonen"]
[SourceDate "2010.01.01"]

1. c4 Nf6 2. g3 e6 3. Bg2 d5 4. Nf3 c5 5. O-O Be7 6. cxd5 exd5 7. d4 cxd4 8.
Nxd4 O-O 9. Nc3 Nc6 10. Bg5 h6 11. Be3 Be6 12. Qa4 Qd7 13. Rfd1 a6 14. Nxc6
bxc6 15. Bd4 Qb7 16. e4 Rad8 17. Rac1 Rd7 18. exd5 cxd5 19. h3 Rfd8 20. Bf1 Ra8
21. Bg2 Ne8 22. Be5 f6 23. Bd4 Rad8 24. Rc2 Bf7 25. Rcd2 Nc7 26. Bf1 Bd6 27.
Bg2 Be5 28. Ne2 Nb5 29. Qc2 Bh5 30. g4 Nxd4 31. Nxd4 Bf7 32. b3 Qb6 33. Nf5 Rc7
34. Qb1 Rc3 35. Ne7+ Kh8 36. Nxd5 Bxd5 37. Rxd5 Rxd5 38. Rxd5 Bc7 39. Qe4 Be5
40. Rd1 Rc8 41. Qf5 Rd8 42. Rc1 Bg3 43. Be4 g6 44. Qf3 Qd4 45. Bxg6 Qf4 46.
Qxf4 Bxf4 47. Rc6 Rd6 48. Rxd6 Bxd6 49. Kg2 Kg7 50. Bd3 a5 51. Kf3 Bc5 52. Ke2
Kf7 53. Bf5 Ke7 54. f4 Ba3 55. h4 Bc1 56. Kf3 Bd2 57. Bd3 Ke6 58. Bc4+ Ke7 59.
Ke4 Be1 60. g5 fxg5 61. hxg5 hxg5 62. fxg5 Kd6 63. Kf5 Ke7 64. Ke5 Bb4 65. Kd5
Kd7 66. g6 Bf8 67. a3 Ke7 68. b4 axb4 69. axb4 Kf6 70. b5 Kxg6 71. b6 Bh6 72.
Ke4 Bf8 1/2-1/2

[Event "ENCI Limburg-open A"]
[Site "Maastricht"]
[Date "2007.05.28"]
[Round "7"]
[White "Butkiewicz, Lukasz"]
[Black "Nijs, Nils"]
[Result "1/2-1/2"]
[WhiteElo "2252"]
[BlackElo "1986"]
[PlyCount "118"]
[EventDate "2007.05.25"]
[EventType "swiss"]
[EventRounds "7"]
[EventCountry "NED"]
[Source "P.Boonen"]
[SourceDate "2010.01.01"]

1. b3 d5 2. Bb2 c5 3. e3 Nf6 4. f4 g6 5. Nf3 Bg7 6. Bb5+ Bd7 7. Qe2 O-O 8. Bxd7
Qxd7 9. Ne5 Qc7 10. O-O Nc6 11. Nxc6 Qxc6 12. d3 Rad8 13. Nd2 Rfe8 14. Rae1 Ne4
15. Bxg7 Nxd2 16. Qxd2 Kxg7 17. Qf2 f5 18. Re2 e5 19. fxe5 Rxe5 20. Qf4 Rde8
21. Rf3 Qd7 22. h4 Qe7 23. c3 Qf6 24. Kf2 R5e7 25. Rc2 Qa6 26. c4 Qe6 27. d4
dxc4 28. Rxc4 cxd4 29. Rxd4 Qe5 30. Qxe5+ Rxe5 31. h5 R8e7 32. Rh3 gxh5 33.
Rdh4 Rc5 34. Rxh5 Kg8 35. Kf3 Rg7 36. R3h4 Rc2 37. g3 Rxa2 38. Rxf5 Ra6 39. Rd4
h6 40. g4 Rag6 41. Rff4 a5 42. Rd3 Rg5 43. Rd8+ Kh7 44. Rff8 Rg8 45. Rxg8 Rxg8
46. Rd4 Rf8+ 47. Ke4 Kg6 48. Rd5 b6 49. Kd4 Rf3 50. Rb5 Rg3 51. Rxb6+ Kg7 52.
e4 Rxg4 53. Kd5 h5 54. e5 a4 55. bxa4 Rxa4 56. Rb1 Kf7 57. e6+ Ke7 58. Rb7+ Ke8
59. Rh7 Ra1 1/2-1/2

[Event "ENCI Limburg-open A"]
[Site "Maastricht"]
[Date "2007.05.28"]
[Round "7"]
[White "Caessens, Rob"]
[Black "Skrijelj, Redzep"]
[Result "1-0"]
[WhiteElo "2221"]
[BlackElo "2006"]
[PlyCount "49"]
[EventDate "2007.05.25"]
[EventType "swiss"]
[EventRounds "7"]
[EventCountry "NED"]
[Source "P.Boonen"]
[SourceDate "2010.01.01"]

1. d4 d5 2. c4 c6 3. Nf3 Nf6 4. Nbd2 e6 5. e3 Nbd7 6. Bd3 Bd6 7. O-O O-O 8. e4
dxe4 9. Nxe4 Nxe4 10. Bxe4 f5 11. Bc2 c5 12. Re1 Nf6 13. Be3 b6 14. dxc5 bxc5
15. Qd2 Qc7 16. Rad1 Ne8 17. Ba4 f4 18. Bxe8 Be7 19. Bxf4 Rxf4 20. Bd7 Rxc4 21.
Qe2 Bxd7 22. Qxc4 Rf8 23. Rxe6 Bxe6 24. Qxe6+ Kh8 25. Rd7 1-0

[Event "ENCI Limburg-open A"]
[Site "Maastricht"]
[Date "2007.05.28"]
[Round "7"]
[White "Dam, Hans"]
[Black "Clemens, Adrian HP"]
[Result "1/2-1/2"]
[WhiteElo "2066"]
[BlackElo "2327"]
[PlyCount "66"]
[EventDate "2007.05.25"]
[EventType "swiss"]
[EventRounds "7"]
[EventCountry "NED"]
[Source "P.Boonen"]
[SourceDate "2010.01.01"]

1. d4 Nf6 2. Nf3 d5 3. c4 dxc4 4. e3 e6 5. Bxc4 c5 6. O-O a6 7. dxc5 Qxd1 8.
Rxd1 Bxc5 9. a3 b6 10. b4 Be7 11. Bb2 Bb7 12. Nc3 b5 13. Be2 Nbd7 14. Rd2 O-O
15. Rad1 Nb6 16. Ne5 Rfc8 17. h3 Rc7 18. g4 h6 19. Rc1 Rac8 20. Rdd1 Ne8 21.
Nb1 Na4 22. Rxc7 Rxc7 23. Bd4 Nf6 24. Bd3 Nd5 25. Kf1 Bd6 26. f4 Nf6 27. Ke2
Ne4 28. Rg1 f6 29. Nf3 Kf7 30. h4 Rc8 31. h5 Nac3+ 32. Nxc3 Nxc3+ 33. Kd2 Ne4+
1/2-1/2

[Event "ENCI Limburg-open A"]
[Site "Maastricht"]
[Date "2007.05.28"]
[Round "7"]
[White "Dambacher, Martijn"]
[Black "Van Gool, Henk"]
[Result "1-0"]
[WhiteElo "2466"]
[BlackElo "2181"]
[PlyCount "87"]
[EventDate "2007.05.25"]
[EventType "swiss"]
[EventRounds "7"]
[EventCountry "NED"]
[Source "P.Boonen"]
[SourceDate "2010.01.01"]

1. d4 Nf6 2. c4 e6 3. Nf3 d5 4. Nc3 Nbd7 5. cxd5 exd5 6. Bg5 Be7 7. e3 c6 8.
Qc2 O-O 9. Bd3 Re8 10. h3 Nf8 11. O-O Ne4 12. Bf4 f5 13. Ne5 g6 14. f3 Ng5 15.
Rab1 a5 16. a3 Bd6 17. Qf2 Nf7 18. Nxf7 Kxf7 19. Bxd6 Qxd6 20. e4 Be6 21. e5
Qe7 22. Ne2 Bd7 23. g4 fxg4 24. hxg4 Qg5 25. Kg2 Kg7 26. Rh1 c5 27. Rbg1 Qd2
28. Rd1 Qg5 29. Rh4 Ba4 30. f4 Qe7 31. Rdh1 cxd4 32. Nxd4 Rac8 33. Qg3 Rc7 34.
Bxg6 hxg6 35. Nf5+ Kf7 36. Nxe7 Rc2+ 37. Kh3 Kxe7 38. Rh8 g5 39. Qd3 Rxb2 40.
Qf5 Rb3+ 41. Kg2 Rc3 42. Qf6+ Kd7 43. e6+ Nxe6 44. R1h7+ 1-0

[Event "ENCI Limburg-open A"]
[Site "Maastricht"]
[Date "2007.05.28"]
[Round "7"]
[White "Dek, Lennart"]
[Black "Driessens, Patrick"]
[Result "1/2-1/2"]
[WhiteElo "2196"]
[BlackElo "2276"]
[PlyCount "52"]
[EventDate "2007.05.25"]
[EventType "swiss"]
[EventRounds "7"]
[EventCountry "NED"]
[Source "P.Boonen"]
[SourceDate "2010.01.01"]

1. e4 e6 2. Nf3 d5 3. Nc3 Nf6 4. e5 Nfd7 5. d4 c5 6. dxc5 Nc6 7. Bf4 h6 8. Bg3
Nxc5 9. Be2 Be7 10. O-O O-O 11. Re1 a6 12. Bf1 Qb6 13. Qc1 f5 14. exf6 Bxf6 15.
Rb1 Bd7 16. Qd2 Rf7 17. Bf4 Raf8 18. Be3 Qa5 19. Nxd5 exd5 20. Qxa5 Nxa5 21.
Bxc5 Rc8 22. b4 Nc4 23. Bd3 Bg4 24. Bxc4 dxc4 25. Ne5 Bxe5 26. Rxe5 Bf5 1/2-1/2